000 00791nam a2200193Ia 4500
003 GCL
008 140319s9999 xx 000 0 ara d
040 _aGCL /
_cGCL
082 0 4 _a327.0973
_bا أ
100 1 _aالسفير فوزى صلوخ
245 1 0 _aامركة النظام العالمى - الاخطار والتداعيات /
_cالسفير فوزى صلوخ
250 _aالاولى
260 _aبيروت :
_bدار المنهل ،
_c2002
300 _a347 ص ؛
_c20 سم
650 0 4 _aالولايات المتحدة الامريكية - العلاقات الخارجية
650 0 4 _aالولايات المتحدة الامريكية - الاحوال السياسية
650 0 4 _aالولايات المتحدة الامريكية - تاريخ
942 _2ddc
_cBK
999 _c5581
_d5581